Szczegóły MARC21

Pół wieku dziejów Polski 1939-1989 /

003 -Nazwa inst., której nr kontr. jest w polu 001 [,]
    • @
    • Nazwa instytucji, której n kontrolny jest w polu 001
    • NUKAT
005 -DATA I CZAS OSTATNIEJ MODYFIKACJI [,]
    • @
    • pole kontrolne
    • 20241231111556.0
020 -Międzynarod. znormalizowany nr książki - ISBN [ , ]
    • a
    • Numer ISBN
    • 8301117567 Find
040 -Instytucja sporządzająca opis [ , ]
    • a
    • Instytucja, która sporządziła opis (NP)
    • TOR U/KC
    • c
    • Instytucja, która sporządziła rekord (NP)
    • TOR U/AP
    • d
    • Instytucja, która zmodyfikowała rekord (P)
    • TOR U/AP
    • d
    • Instytucja, która zmodyfikowała rekord (P)
    • Ł U/BALs
942 -Rodzaj dokumentu [ , ]
    • c
    • Rodzaj dokumentu
    • Książka
100 -Hasło główne - nazwa osobowa [1, ]
    • a
    • Nazwa osobowa (NP)
    • Paczkowski, Andrzej
    • d
    • Daty biograficzne (NP)
    • (1938- ).
    • 9
    • KHW
    • 7701
240 -Tytuł ujednolicony [1,0]
    • a
    • Tytuł ujednolicony
    • Pół wieku dziejów Polski 1939-1989
    • l
    • Język tekstu
    • (pol.)
    • 9
    • KHW
    • 348296
245 -Strefa tytułu i oznaczenia odpowiedzialności [1,0]
    • a
    • Tytuł
    • Pół wieku dziejów Polski 1939-1989 / Find
    • c
    • Pozostałe elementy strefy tytułu i oznaczenia odpowiedzialności (NP)
    • Andrzej Paczkowski.
260 -Strefa adresu wydawniczego [ , ]
    • a
    • Miejsce wydania (P)
    • Warszawa :
    • b
    • Nazwa wydawcy (P)
    • Wydawnictwo Naukowe PWN,
    • c
    • Data wydania (P)
    • 1995.
300 -Strefa opisu fizycznego [ , ]
    • a
    • Określenie formy książki i/lub objętość (NP)
    • 599, [5] s. :
    • b
    • Oznaczenie ilustracji (NP)
    • il. ;
    • c
    • Format (NP)
    • 24 cm.
336 -Typ zawartości [ , ]
    • a
    • Termin opisujący typ zawartości
    • Tekst
    • b
    • Kod określający zawartość
    • txt
    • 2
    • Źródło (terminu i kodu)
    • rdacontent
337 -Typ mediów [ , ]
    • a
    • Tryb odtwarzania
    • Bez urządzenia pośredniczącego
    • b
    • Kod typu mediów
    • n
    • 2
    • Źródło (terminu i kodu)
    • rdamedia
338 -Typ/rodzaj nośnika [ , ]
    • a
    • Hasło opisujące typ nośnika
    • Wolumin
    • b
    • Kod typu nośnika
    • nc
    • 2
    • Źródło (terminu i kodu)
    • rdacarrier
536 -Uwaga dot. finansowania książki [ , ]
    • a
    • Tekst uwagi
    • Tytuł dotowany przez Komitet Badań Naukowych, Fundację im. Stefana Batorego i Ministra Edukacji Naukowej
080 -Uniwersalna Klasyfikacja Dziesiętna [ , ]
    • 2
    • Identyfikator wydania tablic
    • UDC-P022
    • a
    • Symbol klasyfikacji
    • 94(438).082
    • b
    • Dopowiedzenie
    • Historia Polski - II wojna światowa 1939-1944/1945. Zagadnienia ogólne. Działalność polityczna i wojskowa.
080 -Uniwersalna Klasyfikacja Dziesiętna [ , ]
    • 2
    • Identyfikator wydania tablic
    • UDC-P022
    • a
    • Symbol klasyfikacji
    • 94(438).083
    • b
    • Dopowiedzenie
    • Historia Polski - Polska Ludowa 1944/45-1989. PRL.
651 -Hasło przedmiotowe w formie nazwy geograficznej [ ,7]
    • a
    • Nazwa geograficzna
    • Polska
    • y
    • Określnik chronologiczny
    • 1939-1945 (Okupacja niemiecka i sowiecka).
    • 2
    • Źródło terminu
    • kaba
    • 9
    • KHW
    • 124949
651 -Hasło przedmiotowe w formie nazwy geograficznej [ ,7]
    • a
    • Nazwa geograficzna
    • Polska
    • y
    • Określnik chronologiczny
    • 1944-1989 (Polska Ludowa).
    • 2
    • Źródło terminu
    • kaba
    • 9
    • KHW
    • 124951
980 -Symbol UKD [ , ]
    • a
    • UKD
    • 94(438).082+94(438).083
710 -Hasło dodatkowe - nazwa ciała zbiorowego [2, ]
    • a
    • Nazwa ciała zbiorowego lub nazwa geograficzna jako pierwszy element (NP)
    • Wydawnictwo Naukowe PWN.
    • 4
    • Kod relacji
    • pbl
    • 9
    • KHW
    • 52648
920 -ISBN [ , ]
    • a
    • ISBN
    • 83-01-11756-7 Find
Numer inwentarzowy Status udost. Sygnatura Lokalizacja Data inwentaryzacji
W.185107-9 BG1995-09-19
W.185901-9W185107BG 
W.185902-9W185107BG 
W.185903-9W185107BG 
W.185904-9W185107BG 
Z.877941 BG 
H.56561 BNS1996-02-27
F.25953-3 BNS1996-02-02
SA.151901SA.15190BSA2007-06-11